Loading...
| Philosophy | 0 | 10 | 0 | 0 | 100 | 19 | 80.00 | 7 | 10 | 0.00 | 0.00 |
| History - American | 0 | 8 | 1 | 2 | 75 | 50 | 91.25 | 4 | 8 | 0.00 | 0.00 |
| Fine Arts - Classical Music | 0 | 7 | 0 | 1 | 70 | 66 | 104.43 | 3 | 7 | 0.00 | 0.00 |
| Literature - American | 0 | 7 | 1 | 0 | 65 | 61 | 95.14 | 1 | 7 | 0.00 | 0.00 |
| Social Science | 0 | 6 | 0 | 0 | 60 | 29 | 81.67 | 4 | 6 | 0.00 | 0.00 |
| Fine Arts - Painting and Sculpture | 0 | 6 | 0 | 1 | 60 | 41 | 94.67 | 1 | 6 | 0.00 | 0.00 |
| Literature - British | 0 | 6 | 0 | 2 | 60 | 98 | 118.33 | 1 | 4 | 0.00 | 0.00 |
| Literature - European | 0 | 6 | 0 | 1 | 60 | 53 | 95.50 | 4 | 6 | 0.00 | 0.00 |
| History - European | 0 | 5 | 1 | 1 | 45 | 49 | 89.40 | 1 | 4 | 0.00 | 0.00 |
| Fine Arts - Other | 0 | 4 | 1 | 0 | 35 | 74 | 94.50 | 1 | 4 | 0.00 | 0.00 |
| Science - Other | 0 | 3 | 1 | 0 | 25 | 105 | 116.67 | 0 | 3 | 0.00 | 0.00 |
| History - Other | 0 | 3 | 2 | 1 | 20 | 74 | 105.33 | 1 | 3 | 0.00 | 0.00 |
| Science - Physics | 0 | 2 | 0 | 1 | 20 | 76 | 98.00 | 1 | 2 | 0.00 | 0.00 |
| Other Academic | 0 | 2 | 0 | 0 | 20 | 79 | 90.50 | 0 | 1 | 0.00 | 0.00 |
| Science - Chemistry | 0 | 2 | 0 | 1 | 20 | 117 | 120.00 | 1 | 2 | 0.00 | 0.00 |
| Geography | 0 | 2 | 1 | 0 | 15 | 51 | 82.00 | 2 | 2 | 0.00 | 0.00 |
| History - World | 0 | 3 | 3 | 1 | 15 | 119 | 130.00 | 1 | 1 | 0.00 | 0.00 |
| Literature - World | 0 | 3 | 3 | 0 | 15 | 102 | 120.33 | 0 | 3 | 0.00 | 0.00 |
| Current Events | 0 | 1 | 0 | 0 | 10 | 95 | 95.00 | 1 | 1 | 0.00 | 0.00 |
| Pop Culture | 0 | 1 | 0 | 0 | 10 | 76 | 76.00 | 1 | 1 | 0.00 | 0.00 |
| Science - Biology | 0 | 1 | 1 | 0 | 5 | 116 | 116.00 | 0 | 1 | 0.00 | 0.00 |
| Mythology | 0 | 1 | 1 | 0 | 5 | 112 | 112.00 | 0 | 1 | 0.00 | 0.00 |
| Religion | 0 | 1 | 3 | 0 | -5 | 135 | 135.00 | 0 | 1 | 0.00 | 0.00 |